| 000 | 01494nam a2200325 c 4500 | ||
|---|---|---|---|
| 003 | BLK | ||
| 005 | 20180422102010.0 | ||
| 008 | 180408b bul|||||r ||||||| ||bul|| | ||
| 010 | _aKNG00060420000 | ||
| 040 | _aBLK | ||
| 041 |
_aBUL _cBUL |
||
| 080 |
_aРентгенодиагностика. Радиография _b616-073.75 _x(075.8) _z616-073.75(075.8) |
||
| 100 | 1 |
_aВеличков, Личо Георгиев _eпърви автор _9286874 |
|
| 700 | 1 |
_aКотов, Никола А. _eсъавт. _9286875 |
|
| 700 | 1 |
_aТомов, Ангел Христов _eсъавт. _9369324 |
|
| 700 | 1 |
_aВеличков, Личо _eред. _9286876 |
|
| 139 |
_aВеличков, Личо Георгиев и др. _bВ 42 |
||
| 245 | 1 | 0 |
_aРентгенология _bУчебник за студенти по стоматология _cЛичо Георгиев Величков; съавт. Никола А. Котов; съавт. Ангел Христов Томов; ред. Личо Величков. |
| 257 | _aBGR | ||
| 260 |
_аСофия _bМедицина и физкултура _c1987 _fПловдив : Д. Благоев |
||
| 300 |
_a88 с., 16 л. _bил. _c24 см |
||
| 380 | _a61 | ||
| 650 | 4 |
_aРентгенология - учебници за ВУЗ _9246794 |
|
| 653 | _aрентгенодиагностика | ||
| 852 | _aЦб 150044 | ||
| 856 | 4 |
_qpdf _u |
|
| 856 | 4 |
_qpdf _u |
|
| 942 |
_cKNG _n0 |
||
| 944 |
_aCR _c13.06.2004 _kГеновева_Генчева |
||
| 944 |
_aED _c07.08.2015 _kТеодора_Стоянова |
||
| 999 |
_c56439 _d56439 |
||